Statistics for Boston Bruins Captains

Click here to take the quiz!

General Stats

  • This quiz has been taken 135 times
  • The average score is 6 of 19

Answer Stats

Captain% Correct
Zdeno Chara
97%
Ray Bourque
88%
Johnny Bucyk
63%
Joe Thornton
56%
Rick Middleton
45%
Milt Schmidt
44%
Terry O'Reilly
42%
Dit Clapper
34%
Wayne Cashman
31%
Jason Allison
21%
Lionel Hitchman
18%
Leo Boivin
11%
Cooney Weiland
6%
Sprague Cleghorn
6%
Fernie Flaman
5%
Don McKenney
4%
John Crawford
4%
Ed Sandford
3%
George Owen
3%

Score Distribution

Percentile by Number Answered

Percent of People with Each Score

Your Score History

You have not taken this quiz